LEADER 01923nam 2200409Ia 450 001 996387197303316 005 20200824132648.0 035 $a(CKB)4940000000085260 035 $a(EEBO)2240914673 035 $a(OCoLC)ocm33150672e 035 $a(OCoLC)33150672 035 $a(EXLCZ)994940000000085260 100 $a19950918d1623 uy | 101 0 $aeng 135 $aurbn||||a|bb| 200 10$aBy the King$b[electronic resource] $ean abstract of His Maiesties letters patents, bearing date the nineteenth day of December, in the one and twentieth yeere of His Maiesties reigne of England, France and Ireland, and of Scotland the seuen and fiftieth, containing a declaration of His Maiesties pleasure for confirming of former letters patents, granted to Matthew de Questor Esquier, and Matthew de Questor his sonne, of the office of postmaster for forraine parts 210 $a[London $cB. Norton and J. Bill$d1623] 215 $a1 sheet (1 p.) 300 $aConfirming Mathew de Questor, postmaster for foreign posts. 300 $aImprint suggested by STC (2nd ed.). 300 $aReprint of second paragraph of STC 8716. 300 $a"Witnesse Our Selfe at Westminster, the nineteenth day of December, in the one and twentieth yeere of Our Reigne of England, France and Ireland, and of Scotland the seuen and fiftieth." 300 $aReproduction of original in: Society of Antiquaries. 330 $aeebo-0147 606 $aPostal service$zGreat Britain 607 $aGreat Britain$xPolitics and government$y1603-1625 607 $aGreat Britain$xHistory$yJames I, 1603-1625 608 $aBroadsides$zLondon (England)$y17th century.$2rbgenr 615 0$aPostal service 701 $aJames$cKing of England,$f1566-1625.$01001019 801 0$bEBK 801 1$bEBK 801 2$bWaOLN 906 $aBOOK 912 $a996387197303316 996 $aBy the King$92299281 997 $aUNISA LEADER 03654nam 2200673 450 001 9910816766403321 005 20230617013639.0 010 $a3-11-089991-4 024 7 $a10.1515/9783110899917 035 $a(CKB)3390000000034273 035 $a(EBL)3043046 035 $a(OCoLC)922945837 035 $a(SSID)ssj0000849180 035 $a(PQKBManifestationID)11470240 035 $a(PQKBTitleCode)TC0000849180 035 $a(PQKBWorkID)10829007 035 $a(PQKB)11448536 035 $a(MiAaPQ)EBC3043046 035 $a(DE-B1597)56112 035 $a(OCoLC)979588805 035 $a(DE-B1597)9783110899917 035 $a(Au-PeEL)EBL3043046 035 $a(CaPaEBR)ebr10755224 035 $a(EXLCZ)993390000000034273 100 $a20021209d2003 uy 0 101 0 $aeng 135 $aurnn#---|u||u 181 $ctxt 182 $cc 183 $acr 200 00$aAnalogy, levelling, markedness $eprinciples of change in phonology and morphology /$fedited by Aditi Lahiri 205 $aSecond and revised edition. 210 1$aBerlin ;$aNew York :$cMouton de Gruyter,$d2003. 215 $a1 online resource (397 p.) 300 $aDescription based upon print version of record. 311 0 $a3-11-017552-5 320 $aIncludes bibliographical references and indexes. 327 $tFront matter --$tContents --$tPreface to the paperback edition --$tIntroduction /$rLahiri, Aditi --$tAnalogy as optimization: 'exceptions' to Sievers' Law in Gothic /$rKiparsky, Paul --$tAnalogical levelling of vowel length in West Germanic /$rDresher, B. Elan --$tHierarchical restructuring in the creation of verbal morphology in Bengali and Germanic: Evidence from phonology /$rLahiri, Aditi --$tConstraints on schwa apocope in Middle High German /$rRaffelsiefen, Renate --$tMorphological re-activation and phonological alternations: Evidence for voiceless restructuring in German /$rPlank, Frans --$tInflectional system and markedness /$rWurzel, Wolfgang Ullrich --$tOn the origin and development of the Central Franconian tone contrast /$rGussenhoven, Carlos --$tThe origin of Danish stød /$rRiad, Tomas --$tProsodic variation in 'Lutgart' /$rFikkert, Paula --$tThe revenge of the uneven trochee: Latin main stress, metrical constituency, stress-related phenomena and OT /$rJacobs, Haike --$tOn the (non-)existence of High Vowel Deletion /$rHogg, Richard M. --$tIndex of subjects --$tIndex of names --$tIndex of languages 330 $aRanging from tonogenesis, stress shift, and quantity readjustment to paradigmatic levelling, allomorphy, and grammaticalization, this collection covers a wide spectrum of developments, primarily in Germanic, Romance, and Indo-Aryan. A traditional umbrella category of change in systems is that of analogy. Somewhat less sanctioned, markedness is a basic relation shaping the structure of systems, in phonology as well as morphology. 606 $aAnalogy (Linguistics) 606 $aGrammar, Comparative and general$xMorphology 606 $aGrammar, Comparative and general$xPhonology 606 $aLinguistic change 606 $aMarkedness (Linguistics) 615 0$aAnalogy (Linguistics) 615 0$aGrammar, Comparative and general$xMorphology. 615 0$aGrammar, Comparative and general$xPhonology. 615 0$aLinguistic change. 615 0$aMarkedness (Linguistics) 676 $a415 686 $a17.15$2bcl 701 $aLahiri$b Aditi$f1952-$01639213 801 0$bMiAaPQ 801 1$bMiAaPQ 801 2$bMiAaPQ 906 $aBOOK 912 $a9910816766403321 996 $aAnalogy, levelling, markedness$93982056 997 $aUNINA LEADER 04355nam 22006855 450 001 9910373954803321 005 20200703171323.0 010 $a3-030-27339-3 024 7 $a10.1007/978-3-030-27339-2 035 $a(CKB)4100000010122041 035 $a(DE-He213)978-3-030-27339-2 035 $a(MiAaPQ)EBC6111614 035 $a(PPN)242847382 035 $a(EXLCZ)994100000010122041 100 $a20200127d2020 u| 0 101 0 $aeng 135 $aurnn|008mamaa 181 $ctxt$2rdacontent 182 $cc$2rdamedia 183 $acr$2rdacarrier 200 10$aAstroparticle Physics /$fby Claus Grupen 205 $a2nd ed. 2020. 210 1$aCham :$cSpringer International Publishing :$cImprint: Springer,$d2020. 215 $a1 online resource (XVII, 609 p. 343 illus., 207 illus. in color.) 225 1 $aUndergraduate Texts in Physics,$x2510-411X 311 $a3-030-27341-5 311 $a3-030-27338-5 320 $aIncludes bibliographical references and index. 327 $aHistorical Introduction -- The Standard Model of Elementary Particles -- Kinematics and Cross Sections -- Physics of Particle and Radiation Detection -- Acceleration Mechanisms -- Primary Cosmic Rays -- Secondary Cosmic Rays -- Cosmology -- The Early Universe -- Big Bang Nucleosynthesis -- The Cosmic Microwave Background -- Inflation -- Dark Matter -- Astrobiology -- Outlook -- Glossary -- Index. 330 $aThis second, revised and thoroughly updated edition of the successful textbook by Claus Grupen describes the branch of astrophysics known as astroparticle physics. Using experimental methods known from cosmic ray and particle physics, astroparticle physics investigates processes of highest energies taking place in the universe. The new edition reports on progress made by recent discoveries in gravitational wave astronomy and neutrino astronomy (including all details needed to understand recent discoveries in multi-messenger experiments) and also astrobiology. After a historical introduction to the basics of elementary particles the author describes their interactions and the relevant detection techniques. The main body of the book concerns cosmic rays as well as particle processes in astrophysics and cosmology including the physics of the early universe. The book provides an orientation in the field of astroparticle physics that many beginners might be looking for. It also presents new sections exploring the interface between particle physics and cosmic radiation and illustrates the impact of particle physics discoveries to astroparticle physics. The physics is presented using little mathematics, and the results are illustrated by many diagrams and illustrative scientific cartoons which ease the reading of the book. Closing the gap between expert and popular level, the book is highly recommended for undergraduate students in physics or astronomy. It also includes an extensive glossary and a detailed index. 410 0$aUndergraduate Texts in Physics,$x2510-411X 606 $aAstrophysics 606 $aNuclear physics 606 $aCosmology 606 $aExobiology 606 $aPlanetary science 606 $aAstrophysics and Astroparticles$3https://scigraph.springernature.com/ontologies/product-market-codes/P22022 606 $aParticle and Nuclear Physics$3https://scigraph.springernature.com/ontologies/product-market-codes/P23002 606 $aCosmology$3https://scigraph.springernature.com/ontologies/product-market-codes/P22049 606 $aAstrobiology$3https://scigraph.springernature.com/ontologies/product-market-codes/P22057 606 $aPlanetary Sciences$3https://scigraph.springernature.com/ontologies/product-market-codes/P22060 615 0$aAstrophysics. 615 0$aNuclear physics. 615 0$aCosmology. 615 0$aExobiology. 615 0$aPlanetary science. 615 14$aAstrophysics and Astroparticles. 615 24$aParticle and Nuclear Physics. 615 24$aCosmology. 615 24$aAstrobiology. 615 24$aPlanetary Sciences. 676 $a523.0197 700 $aGrupen$b Claus$4aut$4http://id.loc.gov/vocabulary/relators/aut$0150507 801 0$bMiAaPQ 801 1$bMiAaPQ 801 2$bMiAaPQ 906 $aBOOK 912 $a9910373954803321 996 $aAstroparticle Physics$91878940 997 $aUNINA